| 000 | 00923cam a2200289 i 4500 | ||
|---|---|---|---|
| 999 |
_c200446098 _d64310 |
||
| 001 | 200446098 | ||
| 003 | TR-AnTOB | ||
| 005 | 20230516124845.0 | ||
| 007 | ta | ||
| 008 | 060420s2000 tu 000 0 tur | ||
| 035 | _a(TR-AnTOB)200446098 | ||
| 040 |
_aTR-AnTOB _beng _erda _cTR-AnTOB |
||
| 041 | 0 | _atur | |
| 050 | 4 |
_aHD9016.T92 _bT37 2000 |
|
| 090 |
_aHD9016.T92 _bT37 2000 |
||
| 245 | 0 |
_aTarım ve gıda ürünleri ihracatımızda karşılaşılan tarife dışı teknik engeller / _chaz. Gülay Babadoğan. |
|
| 264 | 1 |
_aAnkara : _bDış Ticaret Müsteşarlığı, _c2000. |
|
| 300 |
_a134 pages ; _c27 cm |
||
| 336 |
_atext _btxt _2rdacontent |
||
| 337 |
_aunmediated _bn _2rdamedia |
||
| 338 |
_2rdacarrier _avolume _bnc |
||
| 650 | 7 |
_aÜrün ticareti _zTürkiye _2etuturkob _933786 |
|
| 700 | 1 |
_aBabadoğan, Gülay _eeditor _9124320 |
|
| 942 |
_2lcc _cBK |
||